LEADER 00811nam a2200229 i 4500 001 000000145679 003 CaOOAMICUS 005 20051205000000.0 008 051205s1959 fr u000 u fre u 013 $a121071 040 $aSeMil$bita 100 1 $aAnouilh, Jean <1910-1987>.$0(OLS)http://semarc/name/52161 245 10$aBecket :$bou l'Honneur de Dieu /$cJean Anouilh. 260 $aParis :$bLa Table ronde,$ccopyr. 1959. 300 $a209 p. ;$c19 cm. 500 $aFondo Ciprandi. 850 $aSeMil 852 $aSeMil$W1$xVenegono$y1$m1V IV 91$j98410$B98410$CSeMilBibl$Z2$F106556 $81 941 1 $a1 961 $aOmaggio: Ciprandi dott. Paolo 996 $6245$aBecket :$bou l'Honneur de Dieu$9(OLS)http://semarc/title/212972 996 $6260$aParis :$bLa Table ronde$9(OLS)http://semarc/publisher/35073 LEADER 01022nam a2200265 i 4500 001 000000149766 003 CaOOAMICUS 005 20060517000000.0 008 060517s1973 it u000 u ita u 013 $a127097 040 $aSeMil$bita 100 1 $aBenn, Gottfried <1886-1956>.$0(OLS)http://semarc/name/45318 245 10$aRomanzo del fenotipo e Il tolemaico /$cGottfried Benn ; a cura di Luciano Zagari. 260 $aTorino :$bEinaudi,$ccopyr. 1973. 300 $a152 p. ;$c21 cm. 490 0 $aEinaudi Letteratura ;$v29 500 $aFondo Ciprandi. 700 1 $aZagari, Luciano.$0(OLS)http://semarc/name/57930 830 0$aEinaudi Letteratura ;$v29.$0(OLS)http://semarc/title/8393 850 $aSeMil 852 $aSeMil$W1$xVenegono$y1$m1V IV 28$j101956$B101956$CSeMilBibl$Z2$F111189 $81 941 1 $a1 961 $aOmaggio: Ciprandi dott. Paolo 996 $6245$aRomanzo del fenotipo e Il tolemaico$9(OLS)http://semarc/title/218939 996 $6260$aTorino :$bEinaudi$9(OLS)http://semarc/publisher/29884